Ley de Autonomía de las instituciones de Educación Superior y leyes conexas
| Main Author: | |
|---|---|
| Format: | Section = Libro |
| Language: | Undetermined Spanish |
| Published: |
Managua
CNU
2007
|
| Subjects: |
| LEADER | 00572nam a2200181Ia 4500 | ||
|---|---|---|---|
| 008 | 240829s9999 xx 000 0 und d | ||
| 040 | |a BIBLIOTECA-RUSB/ 348.024 N583 | ||
| 041 | |a spa | ||
| 082 | |a 348.024 N583 | ||
| 100 | 1 | |a Asamblea Nacional de Nicaragua | |
| 245 | 1 | 0 | |a Ley de Autonomía de las instituciones de Educación Superior y leyes conexas |
| 260 | |a Managua |b CNU |c 2007 | ||
| 300 | |a 197 p. :il. | ||
| 650 | 7 | |a EDUCACIÓN SUPERIOR - NICARAGUA - LEGISLACIÓN | |
| 650 | 7 | |b UNIVERSIDADES - NICARAGUA - LEGISLACIÓN | |
| 942 | |c BK |2 ddc | ||
| 991 | |a TEXTO | ||
| 999 | |c 1060 | ||